Normal view
MARC view
- الوسائط المتعددة
Entry Topical Term
001 - CONTROL NUMBER
- control field: 26049
003 - CONTROL NUMBER IDENTIFIER
- control field: JO-AjAnu
005 - DATE AND TIME OF LATEST TRANSACTION
- control field: 20230606074437.0
008 - FIXED-LENGTH DATA ELEMENTS
- fixed length control field: 230606|| aca||aabn | a|a d
040 ## - CATALOGING SOURCE
- Original cataloging agency: JO-AjAnu
- Transcribing agency: JO-AjAnu
150 ## - HEADING--TOPICAL TERM
- Topical term or geographic name entry element: الوسائط المتعددة
670 ## - SOURCE DATA FOUND
- Source citation: Work cat.: (JO-AjAnu)13389: بدوي، رمضان مسعد , author 26048, تدريس الرياضيات=MATH IN STRUCATION FOR STUDENTS WITH LEARNUNG PROBLEMS